000 00632nam a22002537a 4500
003 UA-OsUOA
001 21775
007 ta
008 20031213b un ||||| |||| 00| 0 ukr d
100 _aБуркхардт Якоб
090 _a008(09)
_bБ90
942 _cBK
040 _aUA-OsUOA
_brus
_cUA-OsUOA
_dUA-OsUOA
245 _aКультура Возрождения в Италии
_cРед. С.Я.Левит
300 _a591 с.
955 _a0
041 _arus
080 _a008(09)
020 _a5-7357-0020-0
260 _aМосква
_bЮристъ
_c1996
044 _aRU
650 7 _2UDC
999 _c307982
_d307982